| 000 | 00502nam a22001697a 4500 | ||
|---|---|---|---|
| 003 | NUST - PNEC | ||
| 005 | 20170116180806.0 | ||
| 008 | 150422b xxu||||| |||| 00| 0 eng d | ||
| 040 | _cLIBRARY | ||
| 082 | _a297.5 TAH | ||
| 100 |
_92979 _aTahir-ul-Qadri |
||
| 245 |
_aFirqa parasti ka khatma kaunkar mumkin hai ? _cDr. Mohammad Tahir-ul-Qadri |
||
| 260 |
_aLahore: _bMinhaj-ul-Quran Publications, _cc2007. |
||
| 300 |
_a108 p. : _c22 cm. |
||
| 650 |
_92982 _aIslami Talimat _xGeneral |
||
| 942 |
_2ddc _cBK |
||
| 999 |
_c63192 _d63192 |
||